First Names A-Z Quiz Stats

Quiz Updated Mar 5, 2012

Challenge
Share
Tweet
Embed
Score 0/26 Timer 06:00
0 Plays Today
Letter First Name % Correct
FFidel
92.9%
DDaniel
85.7%
MMariah
83.7%
QQuentin
83.6%
KKatie
79.8%
WWalt
77.8%
SSalvador
76.1%
VVladimir
74.1%
LLouis
73.5%
BBenito
70%
CCarl
60.4%
AAnnie
57.1%
ZZachary
55.5%
Letter First Name % Correct
JJack
47.4%
IIdi
47%
GGary
45.3%
YYasmine
44.3%
OOral
42.9%
NNikola
37%
RRosemary
35.5%
XXavier
34.9%
UUri
34.8%
HHernando
26.4%
TThor
18.4%
EEudora
17.8%
PPhilo
6.8%

You're not logged in!

Compare scores with friends on all Sporcle quizzes.
Sign Up with Email
OR
Log In

You Might Also Like...

Show Comments

Extras

Top Quizzes Today


Score Distribution

Your Account Isn't Verified!

In order to create a playlist on Sporcle, you need to verify the email address you used during registration. Go to your Sporcle Settings to finish the process.